000 00301nam a2200145Ia 4500
100 _aValesky/Tom
942 _cBK
654 _ajava beans
245 _aEnterprise Java Beans
260 _bAddison Wesley Pub
_c1999
082 _a005.133J
_bVAL
300 _a324
546 _aENGLISH
999 _c24113
_d24113